| 000 | 00575nam a2200181 a 4500 | ||
|---|---|---|---|
| 008 | 120416s2001 ||||||||||||||||| || u | ||
| 020 | _a0750652594 | ||
| 050 | _aTA 350 Bol | ||
| 100 | _aBolton, W | ||
| 245 | 1 | 0 | _aEngineering science. (4th ed.) |
| 250 | _a4th ed. | ||
| 260 |
_aOxford: _bNewnes _c2001 |
||
| 350 | _a0.00 | ||
| 650 | _aELECTRIC ENGINEERING | ||
| 650 | _aMECHANICAL ENGINEERING | ||
| 650 | _aENGINEERING | ||
| 995 |
_D0.00 _FCBU-MAIN LIBRARY (Kitwe) _H1 _I20.00 _M1 _UAVAILABLE _WJun 19, 2006 _ZShort Loan Collection |
||
| 999 |
_c41993 _d41993 |
||